000 00870nam a2200229Ia 4500
003 GCL
008 140319s9999 xx 000 0 ara d
020 _a3640001977
040 _aGCL /
_cGCL
082 0 4 _a940.18
_bع ح
100 1 _aعلية عبدالسميع الجنزورى
245 1 0 _aالحروب الصليبية ( المقدمات السياسية ) /
_cعلية عبدالسميع الجنزورى
260 _aالقاهرة :
_bالهيئة المصرية العامة للكتاب ،
_c1999
300 _a379 ص ؛
_c16 سم
490 _aتاريخ المصريين
_v153
650 0 4 _aالحروب الصليبية
650 0 4 _aالحروب الصليبية فى فلسطين والشام
650 0 4 _aالدولة السلجوقية
650 0 4 _aالسلاجقة
650 0 4 _aالعصور الوسطى - تاريخ
942 _2ddc
_cBK
999 _c51181
_d51181